Welcome to CU Library Online Public Access Catalogue (OPAC)

International Accounting (Record no. 4417)

MARC details
000 -LEADER
fixed length control field 00341nam a22001337a 4500
005 - DATE AND TIME OF LATEST TRANSACTION
control field 20250227124044.0
008 - FIXED-LENGTH DATA ELEMENTS--GENERAL INFORMATION
fixed length control field 250227b |||||||| |||| 00| 0 eng d
050 ## - LIBRARY OF CONGRESS CALL NUMBER
Classification number HF5635
Item number BEL
100 ## - MAIN ENTRY--PERSONAL NAME
Personal name Belkaoui, Ahmed Riahi
245 ## - TITLE STATEMENT
Title International Accounting
260 ## - PUBLICATION, DISTRIBUTION, ETC.
Place of publication, distribution, etc. London
Name of publisher, distributor, etc. The Driven Press
Date of publication, distribution, etc. c1994
300 ## - PHYSICAL DESCRIPTION
Extent ix,502p
942 ## - ADDED ENTRY ELEMENTS (KOHA)
Source of classification or shelving scheme Library of Congress Classification
Koha item type Books
Suppress in OPAC No
999 ## -
-- 4417
-- 4417
Holdings
Withdrawn status Lost status Source of classification or shelving scheme Damaged status Not for loan Collection Home library Current library Shelving location Date acquired Total checkouts Full call number Barcode Date last seen Copy number Price effective from Koha item type
    Library of Congress Classification     Non-fiction Undergraduate Library (Christ Temple) Undergraduate Library (Christ Temple) General stacks 02/27/2025   HF5635 BEL ulct00001457 02/27/2025 1 02/27/2025 Books
© 2023-2024 Copyright: Central University Libraries. All Rights Reserved | Created by: Mahone Tech Office